[Event "FIDE Chesscom Grand Swiss 2019"]
[Site "Douglas-Isle of Man"]
[Date "2019.10.15"]
[Round "6.25"]
[White "Hovhannisyan, Robert"]
[Black "Ponomariov, Ruslan"]
[Result "1-0"]
[WhiteElo "2639"]
[BlackElo "2675"]
[Annotator "TA"]
[PlyCount "145"]
[EventDate "2019.10.10"]
[EventType "swiss"]
[EventCountry "GBR"]
[SourceTitle "playchess.com"]
[Source "ChessBase"]
[SourceQuality "1"]

{[%evp 9,145,8,7,12,18,16,17,0,12,3,25,23,25,18,23,19,21,12,33,15,23,20,16,11,16,2,7,0,25,19,19,19,18,18,20,20,22,21,30,6,12,12,12,12,11,6,6,6,6,6,11,6,23,20,22,13,15,16,20,14,19,23,26,15,26,26,42,42,42,42,42,42,42,42,42,42,42,42,42,42,42,42,42,42,42,42,42,42,42,42,42,42,42,42,42,42,42,0,42,42,42,42,42,42,1168,1028,854,727,29962,29963,29963,29958,29966,29967,29971,29971,29970,29972,29971,29972,29975,29977,29977,29978,29978,29979,29979,29980,29980,29981,29981,29982,29981,29982,29984,29985,29984,29985]} 1. e4 c6 2. d4 d5 3. e5 c5 4. dxc5 e6 5. Be3 Nd7 6. Nf3 {B12: Caro-Kann: Advance Variation} Bxc5 7. Bxc5 Nxc5 8. Qd4 {The position is equal.} Qb6 9. Nbd2 (9. a4 Ne7 10. a5 Qc7 11. Qc3 Bd7 12. b4 Na6 13. Qb2 O-O {½-½ (31) Ter Sahakyan,S (2590)-Ponomariov,R (2667) Skopje 2019}) 9... Bd7 10. Nb3 Rc8 11. Nxc5 Qxc5 12. Qxc5 $146 ({Predecessor:} 12. Bd3 Ne7 13. Qxc5 Rxc5 {1-0 (42) Paravyan,D (2423)-Gavrilov,A (2466) Moscow 2014}) 12... Rxc5 13. Bd3 Nh6 14. Kd2 f6 15. Rae1 Nf7 16. Rhf1 Ke7 17. c3 g5 18. Re3 h6 19. exf6+ Kxf6 20. Rfe1 Re8 21. Ne5 Nxe5 22. Rxe5 b6 23. g3 Rg8 24. c4 (24. a3 {is interesting.} Rcc8 25. R1e3 Rgf8 26. f4 Rce8 27. Be2) 24... dxc4 25. Rxc5 bxc5 26. Bxc4 $11 {[%mdl 4096] Endgame KRB-KRB} Ke7 27. Re4 Rf8 28. Ke3 Kd6 29. f4 Rf6 30. Bd3 Bc6 31. fxg5 hxg5 32. Rg4 Rh6 33. h4 gxh4 34. gxh4 Be8 35. Kf4 Rh8 36. Kg3 Ke5 37. Bc4 Kf6 38. Rg5 e5 39. Rg8 Rxg8+ 40. Bxg8 $14 {KB-KB} Bc6 41. Bh7 Bd5 42. a3 Kg7 43. Bc2 Kh6 44. Kg4 Be6+ 45. Bf5 Bb3 46. Bd7 Bc2 47. Be8 Bd3 48. Kf3 Bc2 49. Ke3 Bb1 50. Bf7 Bc2 51. Kd2 Bb1 52. Kc3 Bf5 53. Kd2 Bb1 54. Ke2 Bc2 55. Ke3 Bb1 56. Bc4 Kh5 $2 {[%mdl 8192] [#]} (56... Bh7 $14) 57. Bd3 $1 $18 Ba2 58. Ke4 Kxh4 59. Kxe5 {White mates.} Kg5 60. Bb5 Bb3 61. Kd6 Kf4 62. Kxc5 Ke3 63. Bc4 Bd1 64. b3 Kd2 65. a4 {[%cal Ba3a4,Ba4a5,Ba5b6][%mdl 32]} Kc3 66. a5 Bg4 67. b4 Bf3 68. b5 Bg2 69. b6 axb6+ 70. axb6 Bb7 71. Bb5 Kb3 72. Kd6 Kb4 73. Kc7 {Accuracy: White = 84%, Black = 54%.} 1-0

[Event "FIDE Chesscom Grand Swiss 2019"]
[Site "Douglas-Isle of Man"]
[Date "2019.10.15"]
[Round "6.25"]
[White "Stefanova, Antoaneta"]
[Black "Bachmann, Axel"]
[Result "1/2-1/2"]
[WhiteElo "2479"]
[BlackElo "2629"]
[Annotator "TA"]
[PlyCount "188"]
[EventDate "2019.10.10"]
[EventType "swiss"]
[EventCountry "GBR"]
[SourceTitle "playchess.com"]
[Source "ChessBase"]
[SourceQuality "1"]

{[%evp 15,188,22,37,31,41,16,51,44,48,37,42,35,40,32,47,51,49,48,52,30,50,-16,-13,-65,-25,-17,-24,-17,-15,-28,-14,-22,-43,-31,8,-45,-39,-25,-25,-31,0,0,0,0,0,0,43,0,25,31,32,27,36,23,72,2,7,0,11,0,0,-4,15,-27,-14,-38,-44,-58,-66,-59,-16,-20,-20,-18,-18,-13,-13,-14,-4,-43,-38,-46,-39,-40,-29,-39,-39,-61,-39,-57,-33,-27,-28,-61,-38,-54,-34,-66,-66,-130,-16,-18,-17,-17,-16,-17,-16,-17,0,-20,-8,-8,-8,-8,-8,-8,-8,-8,0,0,0,0,0,0,0,0,0,-16,-16,-16,-16,-16,-8,-11,-8,-8,-8,-12,-12,-12,-12,-12,-12,-12,-12,-12,0,0,0,-11,0,-16,0,0,0,-12,-12,-24,-12,-12,0,0,0,0,0,0,0,0,0,0,0,0,0,0,0]} 1. d4 Nf6 2. c4 e6 3. Nf3 Bb4+ 4. Nbd2 b6 5. a3 Bxd2+ 6. Qxd2 Bb7 7. e3 O-O 8. Be2 Ne4 9. Qc2 {E14: Queen's Indian: Classical Variation (4 e3)} f5 10. b4 d6 11. Bb2 {White is slightly better.} Nd7 12. Rd1 Qe7 13. O-O c5 14. Ne1 cxd4 15. exd4 Rac8 16. f3 Nef6 17. Qa4 $146 ({Predecessor:} 17. Qb3 Kh8 18. Nc2 f4 19. Rfe1 Qf7 20. Bf1 Rfe8 {1-0 (36) Vera Gonzalez Quevedo,R (2490)-Ibragimov,I (2605) Buenos Aires 2005}) 17... a6 18. f4 ({White should try} 18. Qb3 $14) 18... Ne4 19. Nf3 (19. Qb3 $11) 19... Ndf6 (19... b5 $5 {[%cal Rb5a4]} 20. Qb3 Nb6 $15) 20. Qb3 {[#]} b5 $1 {[%mdl 512]} 21. c5 $1 (21. cxb5 Bd5) 21... Bd5 22. Qc2 Qb7 23. Bd3 Nh5 24. Bc1 Rf6 25. Be3 ({Better is} 25. Ng5 $11) 25... Rg6 $15 26. Be2 Nhf6 27. Ra1 Qf7 28. Ng5 Qe8 29. Bf3 Qc6 30. a4 Bc4 31. Rfe1 h6 32. axb5 axb5 33. Nxe4 fxe4 34. Be2 Bd3 35. Qd2 (35. Qb3 $16 Kh7 36. g3 (36. Qxe6 Nd5 $11)) 35... Bxe2 $11 36. Qxe2 Nd5 {[%cal Bf6d5,Bd5e7,Be7f5][%mdl 32]} 37. Ra5 Rb8 38. Qd2 Ne7 39. Rea1 Nf5 40. Qf2 Qd5 41. R5a3 Rf8 42. Rc3 e5 (42... Nxe3 {looks sharper.} 43. Qxe3 e5 44. dxe5 dxe5 45. Re1 Rxg2+ 46. Kxg2 exf4 47. Qxe4 Qd2+) 43. dxe5 dxe5 44. Qa2 Qxa2 45. Rxa2 exf4 46. Bxf4 Nd4 47. Be3 (47. Bd6 {is interesting.} Rf5 48. Re3 Re6 49. Rd2 Nc6 50. Rde2) 47... Ra6 48. Rb2 Nc6 49. h3 Rd8 50. Rc1 Ra3 51. Re1 Rdd3 $36 {[%mdl 2048] Black is pushing.} 52. Bf4 g5 53. Bc1 Ra1 54. Kf2 Rd4 55. Bd2 Ra8 56. Ke2 Ra3 57. h4 (57. Kf1 $15) 57... Rdd3 ({Black should play} 57... e3 $17 58. Bxe3 Re4) 58. Kf2 Ne5 59. Rxe4 Nc4 60. Rxc4 $1 bxc4 {[%mdl 4096] Endgame KRR-KRB} 61. Rc2 Rab3 {[#] Threatens to win with ...c3.} 62. Be1 Rd4 63. hxg5 Rf4+ 64. Ke2 Re4+ 65. Kf2 hxg5 {...Kf7 is the strong threat.} 66. c6 {Black should prevent c7.} g4 67. c7 g3+ 68. Kf1 Re8 $1 {aiming for ...Rb1!} 69. Rxc4 Rb1 {[%csl Gb1][%cal Re8e1]} 70. Re4 $1 {[%cal Re4e8]} Rc8 $1 71. Rg4+ Kf7 72. Rxg3 Rxc7 73. Re3 Rc4 74. Kf2 Rc2+ 75. Kf3 Kg6 76. g4 Rc6 77. Kg3 Rf6 78. Bc3 Rg1+ 79. Kh2 Rff1 80. Re6+ Kh7 81. Re7+ Kg8 82. Re4 Rc1 83. Bf6 Kf7 84. Bd4 Rgd1 85. Bc5 Rc3 {And now ...Rd2+ would win.} 86. Kg2 Kg6 87. Be3 {The position is equal.} Rc2+ 88. Kg3 Rb2 89. Bc5 Rd3+ 90. Kf4 Rd5 91. Re6+ Kf7 92. Re7+ Kg6 93. Re6+ Kf7 94. Re7+ Kg6 {Accuracy: White = 52%, Black = 50%.} 1/2-1/2

[Event "FIDE Chesscom Grand Swiss 2019"]
[Site "Douglas-Isle of Man"]
[Date "2019.10.15"]
[Round "6.26"]
[White "Deac, Bogdan-Daniel"]
[Black "Sasikiran, Krishnan"]
[Result "1/2-1/2"]
[WhiteElo "2613"]
[BlackElo "2675"]
[Annotator "TA"]
[PlyCount "54"]
[EventDate "2019.10.10"]
[EventType "swiss"]
[EventCountry "GBR"]
[SourceTitle "playchess.com"]
[Source "ChessBase"]
[SourceQuality "1"]

{[%evp 12,54,37,9,8,17,31,2,6,-14,0,0,38,22,27,0,0,0,0,0,0,0,0,0,0,0,0,-54,-57,-51,0,0,0,-8,32,44,83,13,41,0,78,0,43,0,88]} 1. e4 c5 2. Nf3 d6 3. d4 cxd4 4. Nxd4 Nf6 5. Nc3 a6 6. h3 e5 7. Nb3 Be6 {B90: Sicilian Najdorf: Unusual White 6th moves, 6 Be3 Ng4 and 6 Be3 e5} 8. f4 g6 9. Be2 Nbd7 $1 10. g4 exf4 (10... Rc8 11. f5 Bxb3 12. axb3 Rxc3 13. bxc3 Nxe4 14. O-O Qh4 15. Bf3 gxf5 16. Bxe4 fxe4 {½-½ (53) Caruana,F (2818)-Vachier Lagrave,M (2778) Saint Louis 2019}) 11. g5 Ng8 (11... Nh5 $5 12. Bxh5 Qxg5 $11) 12. Bxf4 {Qd4 is the strong threat.} h6 $1 13. Qd2 $146 ({Don't play} 13. Bxd6 Qxg5 14. h4 Qe3 $11) ({Predecessor:} 13. Qd4 hxg5 14. Bd2 Rxh3 15. Rxh3 Bxh3 16. O-O-O Qf6 17. Qg1 Be6 18. Nd4 {½-½ (18) Tiemann,C (2403)-Ibragimov,V (2431) GER email 2017}) 13... hxg5 14. Bxg5 Bh6 $1 $36 {[%mdl 2048] Black is more active.} 15. Rg1 $1 Bxg5 16. Rxg5 Rxh3 {[#] And now ...Rh1+ would win.} 17. O-O-O Ne5 18. Rgg1 Nf6 19. Qxd6 (19. Rh1 $11 Rxh1 20. Rxh1) 19... Qxd6 $15 20. Rxd6 Rc8 21. Rb6 Re3 22. Re1 Nfd7 23. Rxb7 Kf8 24. Kd2 (24. Ra7 $16) 24... Rh3 $11 25. Kc1 Re3 26. Kd2 Rh3 27. Kc1 Re3 $1 {Accuracy: White = 50%, Black = 65%.} 1/2-1/2

[Event "FIDE Chesscom Grand Swiss 2019"]
[Site "Douglas-Isle of Man"]
[Date "2019.10.15"]
[Round "6.26"]
[White "Lei, Tingjie"]
[Black "Parligras, Mircea-Emilian"]
[Result "1/2-1/2"]
[WhiteElo "2469"]
[BlackElo "2629"]
[Annotator "TA"]
[PlyCount "45"]
[EventDate "2019.10.10"]
[EventType "swiss"]
[EventCountry "GBR"]
[SourceTitle "playchess.com"]
[Source "ChessBase"]
[SourceQuality "1"]

{[%evp 17,45,5,22,20,29,18,18,0,39,39,40,14,25,17,41,37,54,45,39,17,24,0,43,0,36,0,43,0,27,0]} 1. e4 c5 2. Nf3 d6 3. d4 cxd4 4. Nxd4 Nf6 5. Nc3 a6 6. Be3 e5 7. Nb3 Be6 8. f3 Nbd7 9. Qd2 h5 10. Nd5 {B90: Sicilian Najdorf: Unusual White 6th moves, 6 Be3 Ng4 and 6 Be3 e5} (10. O-O-O Be7 11. Bg5 b5 12. h4 Rc8 13. Kb1 O-O 14. a3 Re8 15. Be2 Qb6 16. Rhg1 Bf8 17. Nc1 Rc7 18. N1a2 Rec8 {0-1 (36) Inarkiev,E (2693)-Vidit,S (2707) Danzhou 2019}) 10... Bxd5 11. exd5 g6 12. O-O-O {The position is equal.} Bg7 13. Kb1 b5 {[#]} 14. Qa5 $146 ({Predecessor:} 14. c4 bxc4 15. Bxc4 a5 16. a4 O-O {1-0 (60) Idani,P (2589)-Bosiocic,M (2600) Batumi 2018}) 14... Qxa5 15. Nxa5 Bh6 16. Bf2 O-O $1 17. c4 Rfb8 18. Nc6 {Hoping for cxb5.} Rb7 19. Na5 Rc7 20. Nc6 Rb7 21. Na5 Rc7 22. Nc6 Rb7 23. Na5 {Accuracy: White = 30%, Black = 73%.} 1/2-1/2

[Event "FIDE Chesscom Grand Swiss 2019"]
[Site "Douglas-Isle of Man"]
[Date "2019.10.15"]
[Round "6.27"]
[White "L'Ami, Erwin"]
[Black "Boruchovsky, Avital"]
[Result "1-0"]
[WhiteElo "2619"]
[BlackElo "2533"]
[Annotator "TA"]
[PlyCount "95"]
[EventDate "2019.10.10"]
[EventType "swiss"]
[EventCountry "GBR"]
[SourceTitle "playchess.com"]
[Source "ChessBase"]
[SourceQuality "1"]

{[%evp 22,95,38,26,24,0,0,0,0,0,0,-10,3,0,0,0,0,0,0,0,0,0,0,0,0,0,0,-30,17,8,10,18,28,27,27,27,27,27,32,26,26,26,26,26,43,31,119,128,277,272,501,446,576,584,560,453,584,580,963,1025,2091,2012,29975,29976,29980,29981,29990,29985,29981,29981,29991,29992,29993,29994,29994,29995]} 1. c4 e6 2. Nc3 d5 3. d4 Nf6 4. cxd5 exd5 5. Bg5 c6 6. e3 Be7 7. Qc2 Nbd7 {[%cal Bb8d7,Bd7f8,Bf8e6,Be6c5,Bc5d3][%mdl 32]} 8. Bd3 O-O 9. Nf3 Re8 10. O-O Nf8 11. h3 g6 12. Ne5 N6d7 {D36: Queen's Gambit Declined: Exchange Variation: Main line (5 Bg5 c6 6 Qc2)} 13. Bh6 (13. Bxe7 Qxe7 14. f4 f6 15. Ng4 Nb6 16. f5 g5 17. e4 h5 18. Nf2 Bd7 19. Rae1 Qd6 20. e5 fxe5 {0-1 (61) Volkov,S (2637)-Ahlander,B (2432) Lund 2017}) 13... Nxe5 14. dxe5 Ne6 {The position is equal.} 15. f4 Nc5 16. Rad1 $146 ({Predecessor:} 16. Be2 Bf5 17. Qd2 Ne4 18. Nxe4 Bxe4 19. Bf3 f6 20. exf6 Bxf6 21. Rad1 Qb6 22. b3 Re7 23. Bxe4 Rxe4 24. Rf3 Rae8 25. Kf2 d4 26. f5 g5 {1-0 (26) Eberhard,K (2010)-Mikac,M (2440) Werfen 1996}) 16... Qb6 (16... Nxd3 {seems wilder.} 17. Qxd3 b5 18. Qc2 a5 19. Qf2 f5) 17. f5 {[%cal Rf5g6]} Nxd3 18. Qxd3 Bxf5 19. Rxf5 gxf5 20. Qxf5 {[#] White threatens Qg4+ and mate.} c5 $1 21. Qf4 Qg6 22. Nxd5 Bd8 $1 23. h4 Kh8 24. Rf1 {Hoping for h5.} Re6 25. Bg5 $1 Bxg5 26. hxg5 Rg8 27. Nf6 Qxg5 {[%csl Gg8][%cal Rg5g2]} 28. Nxg8 {[%mdl 64] [#] Discovered Attack} Qxf4 29. exf4 {And now Nf6 would win.} Kxg8 $11 {[%mdl 4096] Endgame KR-KR} 30. Rd1 Rb6 31. f5 Kf8 ({Wrong is} 31... Rxb2 $2 32. f6 $18) 32. b3 {[%cal Bb2b3,Bb3c4][%mdl 32]} Ke7 33. Kf2 c4 (33... Rb5 $14) 34. bxc4 $16 Rb2+ (34... Ra6 $16 {was necessary.}) 35. Kf3 $18 Rxa2 $2 (35... h5 {keeps fighting.} 36. c5 a5) 36. Rh1 Kf8 37. Rxh7 Kg8 38. Rh1 Rc2 39. Rd1 Rc3+ 40. Kf4 f6 41. exf6 a5 42. g4 {White mates.} Rxc4+ 43. Kg5 Rb4 44. Rd8+ Kf7 45. Rd7+ Kf8 46. f7 Kg7 47. f6+ Kf8 48. Kf5 {Accuracy: White = 76%, Black = 39%.} 1-0

[Event "FIDE Chesscom Grand Swiss 2019"]
[Site "Douglas-Isle of Man"]
[Date "2019.10.15"]
[Round "6.28"]
[White "Kuzubov, Yuriy"]
[Black "Cheparinov, Ivan"]
[Result "1/2-1/2"]
[WhiteElo "2636"]
[BlackElo "2670"]
[Annotator "RC"]
[PlyCount "191"]
[EventDate "2019.10.10"]
[EventType "swiss"]
[EventCountry "GBR"]
[SourceTitle "playchess.com"]
[Source "ChessBase"]
[SourceQuality "1"]
[TimeControl "40/6000+30:20/3000+30:900+30"]

1. d4 {[%emt 0:00:00]} Nf6 {[%emt 0:00:00]} 2. Nf3 {[%emt 0:00:00]} g6 {[%emt 0:00:00]} 3. Nbd2 {[%emt 0:00:00]} d5 {[%emt 0:00:49]} 4. e3 {[%emt 0:00:09]} Bg7 {[%emt 0:00:05]} 5. b4 {[%emt 0:00:06]} a5 {[%emt 0:00:50]} 6. b5 {[%emt 0:00:05]} c5 {[%emt 0:00:03]} 7. bxc6 {[%emt 0:00:18]} Nxc6 {[%emt 0:00:03]} 8. Be2 {[%emt 0:01:26]} O-O {[%emt 0:00:49]} 9. O-O {[%emt 0:00:04]} Bf5 {[%emt 0:00:27]} 10. c4 {[%emt 0:00:11]} Nb4 {[%emt 0:04:34]} 11. Qb3 {[%emt 0:00:20]} Bc2 {[%emt 0:14:31]} 12. Qb2 {[%emt 0:00:48]} dxc4 {[%emt 0:02:27]} 13. Nxc4 {[%emt 0:05:53]} Be4 {[%emt 0:08:46]} 14. Bd2 {[%emt 0:05:52]} Rc8 {[%emt 0:27:03]} 15. Nxa5 {[%emt 0:19:28]} Nfd5 {[%emt 0:00:27]} 16. Bxb4 {[%emt 0:14:07]} Rc2 {[%emt 0:02:00]} 17. Qb1 {[%emt 0:02:38]} Nxb4 {[%emt 0:00:41]} 18. Qxb4 {[%emt 0:03:17]} Rxe2 {[%emt 0:01:14]} 19. Nd2 {[%emt 0:01:03]} Bd5 {[%emt 0:06:45]} 20. Nab3 {[%emt 0:19:02]} Qd7 {[%emt 0:06:26]} 21. h3 {[%emt 0:01:31]} Bh6 {[%emt 0:11:36]} 22. Nc1 {[%emt 0:03:16]} Rxe3 {[%emt 0:02:19]} 23. fxe3 {[%emt 0:00:12]} Bxe3+ {[%emt 0:00:02]} 24. Kh2 {[%emt 0:00:41]} Rc8 {[%emt 0:01:53]} 25. Ncb3 {[%emt 0:04:27]} Rc2 {[%emt 0:03:59]} 26. Rad1 {[%emt 0:20:07]} h5 {[%emt 0:03:35]} 27. Rf3 {[%emt 0:04:47]} Qc7+ {[%emt 0:04:06]} 28. Kh1 {[%emt 0:00:03]} Bxf3 {[%emt 0:00:52]} 29. Nxf3 {[%emt 0:00:06]} Rf2 {[%emt 0:04:10]} 30. Nbd2 {[%emt 0:03:34]} Bxd2 {[%emt 0:01:28]} 31. Nxd2 {[%emt 0:00:30]} Qc2 {[%emt 0:00:03]} 32. Rg1 {[%emt 0:00:58]} Qxd2 {[%emt 0:03:14]} 33. Qxe7 {[%emt 0:00:06]} Qxd4 {[%emt 0:00:16]} 34. Qxb7 {[%emt 0:00:31]} Rxa2 {[%emt 0:00:20]} 35. Rf1 {[%emt 0:00:12]} Rf2 {[%emt 0:00:11]} 36. Rxf2 {[%emt 0:00:49]} Qxf2 {[%emt 0:00:04]} 37. Qb8+ {[%emt 0:00:07]} Kg7 {[%emt 0:00:12]} 38. Qe5+ {[%emt 0:00:06]} f6 {[%emt 0:02:03]} 39. Qc7+ {[%emt 0:00:50]} Kh6 {[%emt 0:00:05]} 40. Qc1+ {[%emt 0:00:06]} g5 {[%emt 0:00:04]} 41. Qc8 {[%emt 0:50:10]} Qe1+ {[%emt 0:06:15]} 42. Kh2 {[%emt 0:00:00]} Qe5+ {[%emt 0:00:20]} 43. Kh1 {[%emt 0:00:00]} Kg7 {[%emt 0:02:50]} 44. Qd7+ {[%emt 0:00:00]} Kg6 {[%emt 0:00:35]} 45. Qc8 {[%emt 0:00:00]} f5 {[%emt 0:04:10]} 46. Qg8+ {[%emt 0:00:00]} Qg7 {[%emt 0:00:03]} 47. Qe8+ {[%emt 0:00:00]} Qf7 {[%emt 0:00:02]} 48. Qd8 {[%emt 0:00:00]} Qf6 {[%emt 0:00:15]} 49. Qg8+ {[%emt 0:00:00]} Kh6 {[%emt 0:00:02]} 50. Qe8 {[%emt 0:00:00]} g4 {[%emt 0:00:13]} 51. hxg4 {[%emt 0:00:00]} hxg4 {[%emt 0:01:10]} 52. g3 {[%emt 0:00:00]} Qa1+ {[%emt 0:02:33]} 53. Kg2 {[%emt 0:00:00]} Qa2+ {[%emt 0:00:21]} 54. Kg1 {[%emt 0:00:00]} Qd5 {[%emt 0:06:32]} 55. Qe3+ {[%emt 0:00:00]} Kg6 {[%emt 0:01:09]} 56. Kf2 {[%emt 0:00:00]} Qa2+ {[%emt 0:00:43]} 57. Kg1 {[%emt 0:00:00]} Qb1+ {[%emt 0:00:22]} 58. Kf2 {[%emt 0:00:00]} Qc2+ {[%emt 0:00:04]} 59. Kg1 {[%emt 0:00:00]} Qe4 {[%emt 0:00:30]} 60. Qb6+ {[%emt 0:00:00]} Kf7 {[%emt 0:01:32]} 61. Qd6 {[%emt 0:00:00]} Qe6 {[%emt 0:15:45]} 62. Qc7+ {[%emt 0:00:00]} Kf6 {[%emt 0:00:29]} 63. Kf2 {[%emt 0:00:00]} Qa2+ {[%emt 0:00:42]} 64. Kg1 {[%emt 0:00:00]} Qa1+ {[%emt 0:01:25]} 65. Kf2 {[%emt 0:00:00]} Qd4+ {[%emt 0:00:16]} 66. Kg2 {[%emt 0:00:00]} Ke6 {[%emt 0:01:06]} 67. Qc6+ {[%emt 0:00:00]} Qd6 {[%emt 0:01:43]} 68. Qc3 {[%emt 0:00:00]} Kd7 {[%emt 0:03:56]} 69. Kf2 {[%emt 0:00:00]} Qb6+ {[%emt 0:01:14]} 70. Ke2 {[%emt 0:00:00]} Qb5+ {[%emt 0:00:40]} 71. Ke3 {[%emt 0:00:00]} Ke6 {[%emt 0:00:21]} 72. Qc8+ {[%emt 0:00:00]} Qd7 {[%emt 0:00:04]} 73. Qg8+ {[%emt 0:00:00]} Kf6 {[%emt 0:00:14]} 74. Qf8+ {[%emt 0:00:00]} Qf7 {[%emt 0:00:05]} 75. Qh6+ {[%emt 0:00:00]} Ke5 {[%emt 0:01:35]} 76. Qf4+ {[%emt 0:00:00]} Ke6 {[%emt 0:00:06]} 77. Qc4+ {[%emt 0:00:00]} Kf6 {[%emt 0:00:02]} 78. Qd4+ {[%emt 0:00:00]} Kg6 {[%emt 0:00:09]} 79. Kf2 {[%emt 0:00:00]} Qa2+ {[%emt 0:00:15]} 80. Kg1 {[%emt 0:00:00]} Qb1+ {[%emt 0:00:18]} 81. Kf2 {[%emt 0:00:00]} Qc2+ {[%emt 0:00:04]} 82. Kg1 {[%emt 0:00:00]} Qe4 {[%emt 0:00:07]} 83. Qd6+ {[%emt 0:00:00]} Kf7 {[%emt 0:00:02]} 84. Kf2 {[%emt 0:00:00]} Qf3+ {[%emt 0:00:46]} 85. Kg1 {[%emt 0:00:00]} Qe3+ {[%emt 0:00:05]} 86. Kg2 {[%emt 0:00:00]} Qe6 {[%emt 0:00:06]} 87. Qc7+ {[%emt 0:00:00]} Kf6 {[%emt 0:00:07]} 88. Qb8 {[%emt 0:00:00]} Qe4+ {[%emt 0:01:05]} 89. Kf2 {[%emt 0:00:00]} Qd4+ {[%emt 0:00:04]} 90. Kg2 {[%emt 0:00:00]} Ke6 {[%emt 0:00:10]} 91. Qe8+ {[%emt 0:00:45]} Kd5 {[%emt 0:00:20]} 92. Qa8+ {[%emt 0:00:13]} Ke6 {[%emt 0:00:55]} 93. Qe8+ {[%emt 0:00:05]} Kd6 {[%emt 0:00:18]} 94. Qd8+ {[%emt 0:00:05]} Ke5 {[%emt 0:00:18]} 95. Qe8+ {[%emt 0:00:07]} Kd6 {[%emt 0:00:04]} 96. Qd8+ {[%emt 0:00:04]} 1/2-1/2

[Event "FIDE Chesscom Grand Swiss 2019"]
[Site "Douglas-Isle of Man"]
[Date "2019.10.15"]
[Round "6.28"]
[White "Durarbayli, Vasif"]
[Black "Erenberg, Ariel"]
[Result "0-1"]
[WhiteElo "2617"]
[BlackElo "2463"]
[Annotator "TA"]
[PlyCount "80"]
[EventDate "2019.10.10"]
[EventType "swiss"]
[EventCountry "GBR"]
[SourceTitle "playchess.com"]
[Source "ChessBase"]
[SourceQuality "1"]

{[%evp 23,80,21,20,0,0,0,1,8,16,16,33,-54,-48,-57,23,8,0,0,0,0,0,0,0,0,0,0,0,-66,-65,-68,-70,-129,-75,-101,-102,-111,-98,-185,-168,-334,-311,-409,-415,-526,-524,-534,-537,-532,-532,-520,-509,-876,-871,-867,-852,-853,-838,-4878,-4762]} 1. e4 e5 2. Nf3 Nc6 3. Bb5 a6 4. Ba4 Nf6 5. O-O Be7 6. Re1 b5 7. Bb3 d6 8. c3 O-O 9. d4 Bg4 10. Be3 exd4 11. cxd4 d5 12. e5 Ne4 13. h3 {C91: Closed Ruy Lopez: 7...d6 8 c3 0-0 9 d4} Bh5 14. Nbd2 Qd7 {Threatens to win with ...Nxd2.} (14... a5 15. Qb1 Nxd2 16. Nxd2 Nb4 17. f4 a4 18. Bd1 Bxd1 19. Rxd1 {1-0 (57) Nepomniachtchi,I (2773)-Ding,L (2805) Abidjan 2019}) 15. Qb1 {The position is equal.} Nxd2 $146 ({Predecessor:} 15... Bg6 16. Bc2 Nb4 17. Nxe4 Nxc2 18. Qxc2 Bxe4 19. Qe2 f6 20. Rac1 Rac8 21. exf6 Bxf3 22. Qxf3 Bxf6 {½-½ (33) Zakharov,V (2509)-Ingersol,H (2409) ICCF email 2016}) 16. Nxd2 Nb4 17. f4 (17. Bc2 $14 Nxc2 18. Qxc2) 17... Bg6 $15 18. Qd1 c5 (18... Nd3 $15) 19. dxc5 $11 Nd3 {[%mdl 64] [#] Double Attack} 20. Qf3 Nxe1 21. Rxe1 Rac8 $1 $36 {[%mdl 2048] Black has good play.} 22. g4 Bd3 23. Bf2 Bc4 $1 24. Bc2 $1 {[%cal Rc2f5] And now Bf5 would win.} d4 25. b3 ({Better is} 25. b4 $11) 25... d3 $15 26. Bb1 Bxc5 27. bxc4 (27. Bxc5 $15 Rxc5 28. Ne4) 27... Bxf2+ (27... bxc4 $142 {Strongly threatening ...c3.} 28. Qe4 Bxf2+ 29. Kxf2 Qb5) 28. Kxf2 $17 bxc4 29. Qe4 Qb5 {[%mdl 1024] Black has strong compensation.} 30. Kg3 (30. Nf3 $17) 30... Rfd8 $19 {...c3 is the strong threat.} 31. a4 $2 {[#]} (31. e6 {keeps fighting.} fxe6 32. Qxe6+ Kh8 33. a4 Qxa4 34. Nf3) 31... Qc6 $1 32. e6 fxe6 33. Ba2 {[%cal Ra2c4]} Qxe4 {Black is clearly winning.} 34. Nxe4 {intending Nd2.} d2 35. Rd1 c3 {[%cal Bc4c3,Bc3c2][%mdl 32]} 36. Bxe6+ Kf8 37. Nxd2 (37. Nxc3 $142 Rxc3+ 38. Kf2) 37... Rxd2 38. Rc1 Rc6 39. Bf5 c2 40. g5 Rc3+ {Accuracy: White = 39%, Black = 81%.} 0-1

[Event "FIDE Chesscom Grand Swiss 2019"]
[Site "Douglas-Isle of Man"]
[Date "2019.10.15"]
[Round "6.29"]
[White "Leko, Peter"]
[Black "Sadhwani, Raunak"]
[Result "1/2-1/2"]
[WhiteElo "2670"]
[BlackElo "2479"]
[Annotator "RC"]
[PlyCount "75"]
[EventDate "2019.10.10"]
[EventType "swiss"]
[EventCountry "GBR"]
[SourceTitle "playchess.com"]
[Source "ChessBase"]
[SourceQuality "1"]
[TimeControl "40/6000+30:20/3000+30:900+30"]

1. e4 {[%emt 0:00:00]} c6 {[%emt 0:00:00]} 2. d4 {[%emt 0:00:07]} d5 {[%emt 0:00:00]} 3. e5 {[%emt 0:00:07]} Bf5 {[%emt 0:00:00]} 4. Nd2 {[%emt 0:00:12]} e6 {[%emt 0:00:00]} 5. Nb3 {[%emt 0:00:09]} Nd7 {[%emt 0:00:00]} 6. Nf3 {[%emt 0:00:08]} a6 {[%emt 0:00:00]} 7. Be2 {[%emt 0:00:45]} c5 {[%emt 0:00:06]} 8. dxc5 {[%emt 0:04:27]} Bxc5 {[%emt 0:00:05]} 9. Nxc5 {[%emt 0:00:10]} Nxc5 {[%emt 0:00:06]} 10. Nd4 {[%emt 0:03:09]} Ne7 {[%emt 0:00:07]} 11. O-O {[%emt 0:01:52]} O-O {[%emt 0:00:08]} 12. Re1 {[%emt 0:01:55]} Bg6 {[%emt 0:03:03]} 13. Bf1 {[%emt 0:07:36]} b5 {[%emt 0:03:22]} 14. c3 {[%emt 0:01:37]} Nf5 {[%emt 0:04:07]} 15. Nxf5 {[%emt 0:02:56]} Bxf5 {[%emt 0:00:07]} 16. Be3 {[%emt 0:00:12]} Qe7 {[%emt 0:06:56]} 17. Bd4 {[%emt 0:00:45]} h6 {[%emt 0:01:04]} 18. Qd2 {[%emt 0:04:07]} Rfc8 {[%emt 0:03:26]} 19. Qe3 {[%emt 0:02:19]} Na4 {[%emt 0:00:38]} 20. b3 {[%emt 0:04:10]} Nc5 {[%emt 0:00:17]} 21. Rad1 {[%emt 0:02:40]} Rc6 {[%emt 0:01:23]} 22. f3 {[%emt 0:02:42]} Rac8 {[%emt 0:00:17]} 23. Rd2 {[%emt 0:01:37]} Bg6 {[%emt 0:00:58]} 24. h3 {[%emt 0:09:52]} Bh7 {[%emt 0:02:37]} 25. Qf2 {[%emt 0:04:31]} Qb7 {[%emt 0:01:57]} 26. c4 {[%emt 0:07:27]} bxc4 {[%emt 0:03:44]} 27. bxc4 {[%emt 0:01:45]} Bg6 {[%emt 0:00:40]} 28. cxd5 {[%emt 0:04:55]} exd5 {[%emt 0:00:06]} 29. Be3 {[%emt 0:10:20]} Nd7 {[%emt 0:01:33]} 30. Rb2 {[%emt 0:19:23]} Qc7 {[%emt 0:02:37]} 31. Bd4 {[%emt 0:00:21]} Qa5 {[%emt 0:01:52]} 32. Qd2 {[%emt 0:00:40]} Qd8 {[%emt 0:01:48]} 33. Bf2 {[%emt 0:05:40]} Nf8 {[%emt 0:03:16]} 34. Rd1 {[%emt 0:00:21]} Bc2 {[%emt 0:01:01]} 35. Rc1 {[%emt 0:00:17]} Bg6 {[%emt 0:00:06]} 36. Rd1 {[%emt 0:00:48]} Bc2 {[%emt 0:00:07]} 37. Rc1 {[%emt 0:00:07]} Bg6 {[%emt 0:00:04]} 38. Rd1 {[%emt 0:05:54]} 1/2-1/2